000 00937cam a2200289 i 4500
001 41997
003 Mx-PuUPA
005 20260217100545.0
008 140415s1982 mx gr 000 0 spa d
020 _a9685973954
040 _aMx-PuUPA
_bspa
_cMx-PuUPA
_dMx-PuUPA
_erda
041 0 _aspa
100 1 _aPrieto Castillo, Daniel,
_d1946-
_eautor
_911206
245 1 0 _aDiseño y comunicación/
_cDaniel Prieto
250 _aPrimera edición
264 1 _aMéxico, D. F. :
_bUniversidad Autónoma Metropolitana,
_c1982
300 _a149 páginas ;
_c20 cm
336 _2rdacontent
_atexto
_btxt
337 _2rdamedia
_asin medio
_bn
338 _2rdacarrier
_avolumen
_bnc
490 0 _aColección Ensayos
650 7 _2armarc
_aComunicación en diseño
942 _2ddc
_cLI
_h302.2
_iP945
999 _c41997
_d41997